Comunidades de España - Estadísticas

Estadísticas generales
  • Esta prueba ha sido intentada 23 veces
  • La puntuación promedio es 16 de 17
Estadísticas de respuestas
Respuesta % Correcto
Andalucía
100%
Castilla la Mancha
100%
Cataluña
100%
Galicia
100%
Madrid
100%
Asturias
95%
Baleares
95%
Canarias
95%
Cantabria
95%
La Rioja
95%
Murcia
95%
Aragón
91%
Extremadura
91%
País Vasco
91%
Valencia
91%
Castilla León
86%
Navarra
86%
No se encontraron pruebas coincidentes
Distribución de puntuación
Porcentaje de gente con cada puntuación
Porcentaje por número respondido
Historial de tus puntuaciones
No has intentado esta prueba.